000 00643nam a2200301Ia 4500
005 20260127113018.0
008 008 260114s9999 xx 000 0 eng d
020 _a9789350020920
037 _aTextbook
040 _aPSDL
040 _beng
040 _cPSDL
041 _2eng
041 _aeng
084 _aWv Qo
084 _qPSDL
100 _aGhosh, Pothik
_91108963
245 0 _aInsurgent Metaphors
245 0 _cGhosh, Pothik
260 _aDelhi
260 _bAakar Books
260 _c2010
300 _a216p.
942 _cTB
942 _hWv Qo
999 _c1674438
_d1674438